Vendégünk a Romániai Magyar Cserkészszövetség

Bibliographic Details
Main Authors: Schmidt, Péter (Author), Kubik, Katalin H. (Author)
Format: Article
Language:Hungarian
Subjects:

MARC

LEADER 00000nab a2200000 a 4500
001 vtls000488483
003 SK-MaSNL
005 20260318122422.0
008 160202c1993 xo 0 hun
015 |a SNBRB19rr/mm-uuuuu 
035 |a CL0488621 
040 |a SNKBUCL  |b slo  |c SNKBUCL  |e AACR2 
041 0 |a hun 
044 |a xo  |c SK 
080 |a 379.831(498=945.11):061.2  |2 1981 
080 |a 796.03  |2 1981 
100 1 |a Schmidt, Péter  |4 aut  |9 7878 
245 1 0 |a Vendégünk a Romániai Magyar Cserkészszövetség  |c Péter Schmidt, Katalin Kubik H. 
650 0 7 |a skauting  |2 snkbucl  |9 3238 
650 0 7 |a Zväz skautov maďarskej národnosti v Rumunsku  |2 snkbucl  |9 1530841 
655 7 |a články z novín a časopisov  |2 snkbucl  |9 267496 
700 1 |a Kubik, Katalin H.  |4 aut  |9 981549 
773 0 |t Cserkész ka-Lap  |g Roč. 4, č. Letný magazín (1993), s. 44 
850 |a Slovenská národná knižnica v Martine  |a DSG001 
852 |a SNK  |b KIS3GCP 
958 |a RK 
958 |a HU 
992 |a RBX 
999 |c 3082713  |d 3084643